[Event "European Club Cup"]
[Site "Kallithea GRE"]
[Date "2008.10.23"]
[EventDate "2008.10.17"]
[Round "7"]
[Result "1/2-1/2"]
[White "Dalibor Stojanovic"]
[Black "Pentala Harikrishna"]
[WhiteElo "2455"]
[BlackElo "2659"]
[PlyCount "140"]

1. e4 e5 2. Nf3 Nc6 3. Bb5 a6 4. Ba4 Nf6 5. O-O Be7 6. Re1 b5
7. Bb3 d6 8. c3 O-O 9. d4 Bg4 10. Be3 exd4 11. cxd4 Na5
12. Bc2 c5 13. h3 Bxf3 14. Qxf3 cxd4 15. Bxd4 Rc8 16. Qd3 Nc6
17. Bc3 Qc7 18. a3 Ne5 19. Qe2 Nc4 20. Bd3 Nd7 21. Nd2 Nxd2
22. Qxd2 Bf6 23. Bxf6 Nxf6 24. a4 Qb6 25. axb5 axb5 26. Qb4
Rc5 27. Qd4 Nd7 28. b4 Rc6 29. Qxb6 Rxb6 30. Rec1 Ne5 31. Be2
Nc6 32. Bxb5 Rxb5 33. Rxc6 Rxb4 34. f3 Rd4 35. Ra7 h5 36. Rd7
Ra8 37. Rcxd6 Rxd6 38. Rxd6 Ra2 39. Rd5 g6 40. h4 Kg7 41. Kh2
Rb2 42. Kh3 Ra2 43. Kg3 Rb2 44. Rd1 Kf6 45. Rf1 Kg7 46. Rf2
Rb1 47. Kf4 Rh1 48. g3 Rg1 49. Re2 Kf6 50. Rb2 Kg7 51. Rb7 Rg2
52. e5 Re2 53. Rb4 Re1 54. Re4 Ra1 55. Rb4 Re1 56. Re4 Ra1
57. g4 hxg4 58. fxg4 Kh6 59. e6 fxe6 60. Rxe6 Rf1+ 61. Kg3 Kg7
62. Re7+ Kg8 63. Rb7 Kf8 64. Rb3 Kg7 65. Rb7+ Kg8 66. h5 gxh5
67. gxh5 Rf5 68. h6 Rh5 69. h7+ Rxh7 70. Rxh7 Kxh7 1/2-1/2

[Event "7th International Chess Festival"]
[Site "Nancy"]
[Date "2009.??.??"]
[EventDate "?"]
[Round "1"]
[Result "1/2-1/2"]
[White "Pentala Harikrishna"]
[Black "Georg Meier"]
[WhiteElo "2673"]
[BlackElo "2608"]
[PlyCount "90"]

1. g3 d5 2. Bg2 Nf6 3. Nf3 Bf5 4. c4 e6 5. Qb3 Na6 6. cxd5
exd5 7. Nd4 Bc8 8. O-O Be7 9. Nc3 O-O 10. d3 c5 11. Nc2 d4
12. Nd5 Nxd5 13. Qxd5 Nc7 14. Qxd8 Rxd8 15. Bd2 Nd5 16. a4 a5
17. Na3 b6 18. Nc4 Rb8 19. Ra3 Be6 20. Rb3 Nb4 21. Bf4 Bxc4
22. dxc4 Bd6 23. Bd2 Re8 24. Bf3 g6 25. h4 h5 26. Kg2 Kg7
27. Rh1 f5 28. Re1 Re6 29. Rd1 Rd8 30. e3 Be7 31. Bxb4 axb4
32. Bd5 Re5 33. Rbd3 dxe3 34. f4 e2 35. fxe5 exd1=Q 36. Rxd1
Rd7 37. e6 Rc7 38. Ra1 Ra7 39. Bc6 Bf6 40. Re1 Re7 41. b3 Bd4
42. Kf3 Kf6 43. Bd7 Rg7 44. Re2 Be5 45. Re1 Bd6 1/2-1/2

[Event "7th International Chess Festival"]
[Site "Nancy"]
[Date "2009.??.??"]
[EventDate "2009.??.??"]
[Round "4"]
[Result "1/2-1/2"]
[White "Pentala Harikrishna"]
[Black "Romain Edouard"]
[WhiteElo "2673"]
[BlackElo "2562"]
[PlyCount "106"]

1. d4 d5 2. c4 dxc4 3. Nf3 Nf6 4. e3 e6 5. Bxc4 c5 6. O-O a6
7. dxc5 Qxd1 8. Rxd1 Bxc5 9. Nbd2 O-O 10. Nb3 Be7 11. Be2 Nc6
12. Bd2 b6 13. Rac1 Bb7 14. Rc2 Rfc8 15. Rdc1 Kf8 16. a3 Nd8
17. Ne5 Rxc2 18. Rxc2 Rc8 19. Rxc8 Bxc8 20. Bc3 Bd6 21. Nc4
Bc7 22. Bb4+ Ke8 23. Nd6+ Bxd6 24. Bxd6 Kd7 25. Bf8 g6 26. Nd2
Kc7 27. Bg7 Nd7 28. Ne4 Bb7 29. Ng5 h5 30. h4 Kd6 31. Bc3 f6
32. Nh3 e5 33. f4 a5 34. b4 axb4 35. Bxb4+ Nc5 36. fxe5+ fxe5
37. Ng5 e4 38. a4 Bd5 39. Nh3 Be6 40. Nf4 Bf5 41. Bb5 Nde6
42. Nxe6 Bxe6 43. Be8 Bf5 44. Kf2 Kd5 45. Bf7+ Be6 46. Bxc5
Bxf7 47. Bxb6 Be8 48. a5 Bb5 49. Bd4 Ke6 50. Ke1 Ba6 51. Kd2
Kd5 52. Bb6 Bb5 53. Ke1 Ke6 1/2-1/2

[Event "7th International Chess Festival"]
[Site "Nancy"]
[Date "2009.??.??"]
[EventDate "2009.??.??"]
[Round "7"]
[Result "0-1"]
[White "Michal Vladimirovich Krasenkow"]
[Black "Pentala Harikrishna"]
[WhiteElo "2676"]
[BlackElo "2673"]
[PlyCount "106"]

1. Nf3 Nf6 2. c4 c6 3. d4 d5 4. Qb3 dxc4 5. Qxc4 Bg4 6. Nc3
Nbd7 7. e4 Bxf3 8. gxf3 e5 9. dxe5 Nxe5 10. Qe2 Bc5 11. Rg1
Qb6 12. Rg5 Ng6 13. Bd2 Rd8 14. e5 Nd5 15. Na4 Qb4 16. Nxc5
Qxc5 17. Qc4 Qxc4 18. Bxc4 O-O 19. O-O-O Rfe8 20. Re1 Nc7
21. Bc3 b5 22. Bb3 Ne6 23. Rg4 c5 24. a3 Ngf4 25. Kb1 g6
26. Re4 Nd3 27. Rg2 Nd4 28. Bxd4 Rxd4 29. Rxd4 cxd4 30. Rg4
Rd8 31. e6 fxe6 32. Re4 Kg7 33. Bxe6 Nxf2 34. Re2 Nd3 35. Bb3
Nc5 36. Bd1 Kf6 37. Rc2 Ne6 38. Rc6 Ke5 39. Kc2 Rd6 40. Rc8
Rb6 41. Ra8 a6 42. Be2 Nf4 43. Bd1 g5 44. Re8+ Re6 45. Rxe6+
Nxe6 46. b4 Nf4 47. Kd2 Nd5 48. Bc2 h5 49. Bg6 h4 50. Be8 Ne3
51. a4 bxa4 52. Bxa4 Nd5 53. b5 Nb6 0-1

[Event "7th International Chess Festival"]
[Site "Nancy"]
[Date "2009.??.??"]
[EventDate "2009.??.??"]
[Round "9"]
[Result "0-1"]
[White "Nicolas Brunner"]
[Black "Pentala Harikrishna"]
[WhiteElo "2413"]
[BlackElo "2673"]
[PlyCount "186"]

1. d4 Nf6 2. c4 e6 3. Nc3 Bb4 4. Qc2 c5 5. dxc5 Qc7 6. Nf3 a6
7. g3 Bxc5 8. Bf4 Qb6 9. e3 Be7 10. e4 d6 11. Bg2 Nc6 12. O-O
O-O 13. Rfd1 Rd8 14. Qe2 Ng4 15. Rac1 Nge5 16. Be3 Qa5 17. Bd2
Nxf3+ 18. Qxf3 Bg5 19. Bxg5 Qxg5 20. Qe2 Qc5 21. Na4 Qa5
22. b3 e5 23. Qd2 Qc7 24. Nc3 Bg4 25. Nd5 Qb8 26. Re1 a5
27. h3 Be6 28. Nc3 Nd4 29. Ne2 Nc6 30. Nc3 Nd4 31. Ne2 Nxe2+
32. Rxe2 a4 33. Re3 axb3 34. axb3 b5 35. cxb5 Qxb5 36. Rd1 h6
37. Rd3 Ra6 38. Kh2 Qb7 39. Rb1 Rb6 40. b4 Bc4 41. Re3 Rb8
42. Rc1 Be6 43. Bf1 Rxb4 44. Qxd6 Rb2 45. Kg1 Rc8 46. Rxc8+
Qxc8 47. Re1 Qc3 48. Qd1 Rd2 49. Qa1 Qc5 50. Re3 Rc2 51. Qa3
Qb6 52. Qa1 Rb2 53. g4 Kh7 54. Qa6 Qd8 55. Qd3 Qg5 56. Rg3 Rb4
57. Qe3 Kg6 58. Kg2 Qd8 59. Qd3 Rd4 60. Qe3 Kh7 61. Be2 g6
62. Bd3 Qa8 63. Kh2 Qa2 64. Rg1 Qb3 65. Rg3 Ra4 66. Bf1 Qb1
67. Qd3 Qe1 68. Qe2 Qc1 69. Bg2 Ra2 70. Qe3 Qxe3 71. fxe3 Bc4
72. Rf3 Kg7 73. Kg3 Ra3 74. Kf2 Bd3 75. Rg3 Ra1 76. h4 Kf8
77. Rh3 Ke7 78. Bf3 Ra4 79. Rh1 Bxe4 80. Bxe4 Rxe4 81. Kf3 f5
82. gxf5 gxf5 83. h5 Rg4 84. Ra1 Kf6 85. Ra5 e4+ 86. Kf2 Kg5
87. Rb5 Rh4 88. Rb8 Rh2+ 89. Kg3 Re2 90. Rb3 Rxe3+ 91. Rxe3
f4+ 92. Kf2 fxe3+ 93. Kxe3 Kxh5 0-1

[Event "Gibtelecom"]
[Site "Catalan Bay GIB"]
[Date "2009.01.27"]
[EventDate "2009.01.27"]
[Round "1"]
[Result "0-1"]
[White "Federico Perez Ponsa"]
[Black "Pentala Harikrishna"]
[WhiteElo "2390"]
[BlackElo "2673"]
[PlyCount "57"]

1. e4 c6 2. d4 d5 3. Nc3 dxe4 4. Nxe4 Nd7 5. Ng5 Ngf6 6. Bd3
e6 7. N1f3 Bd6 8. Qe2 h6 9. Ne4 Nxe4 10. Qxe4 Qc7 11. O-O b6
12. Qg4 Kf8 13. b3 Bb7 14. Bb2 Nf6 15. Qh4 Nd5 16. Ne5 g5
17. Qg4 Nf4 18. g3 Bxe5 19. dxe5 c5 20. gxf4 gxf4 21. Qxf4
Rg8+ 22. Qg3 Rxg3+ 23. hxg3 Ke7 24. Rae1 Rg8 25. Be4 Rg4
26. Bxb7 Qxb7 27. Kh2 Qf3 28. Re3 Qf5 29. Re2 0-1

[Event "Gibtelecom"]
[Site "Catalan Bay GIB"]
[Date "2009.01.29"]
[EventDate "2009.01.27"]
[Round "3"]
[Result "1/2-1/2"]
[White "Vitali Matveyevich Golod"]
[Black "Pentala Harikrishna"]
[WhiteElo "2575"]
[BlackElo "2673"]
[PlyCount "68"]

1. d4 d5 2. c4 c6 3. Nf3 Nf6 4. e3 Bg4 5. h3 Bxf3 6. Qxf3 e6
7. Nc3 Nbd7 8. Bd3 Bb4 9. Bd2 O-O 10. O-O Re8 11. a3 Ba5
12. b4 Bb6 13. Qd1 e5 14. cxd5 cxd5 15. Nb5 exd4 16. Nxd4 Bxd4
17. exd4 Ne4 18. Rc1 Rc8 19. Rxc8 Qxc8 20. b5 Nxd2 21. Qxd2
Qd8 22. Rc1 Nf8 23. Bf5 g6 24. Bg4 h5 25. Bf3 Ne6 26. Re1 Nc7
27. a4 Rxe1+ 28. Qxe1 Qd6 29. Qa5 Qb6 30. Qb4 Qf6 31. Qc5 Qf4
32. Qxa7 Qc1+ 33. Kh2 Qf4+ 34. Kg1 Qc1+ 1/2-1/2

[Event "Zurich Chess Club 200th Anniversary"]
[Site "Zuerich SUI"]
[Date "2009.08.09"]
[EventDate "2009.08.09"]
[Round "1"]
[Result "0-1"]
[White "Klaus Peter Zuse"]
[Black "Pentala Harikrishna"]
[WhiteElo "2245"]
[BlackElo "2679"]
[PlyCount "58"]

1. e4 g6 2. d4 Bg7 3. Nc3 d6 4. f4 Nc6 5. Be3 Nf6 6. Nf3 O-O
7. e5 Ng4 8. Bg1 dxe5 9. fxe5 f6 10. h3 Nh6 11. e6 Nb4 12. Bc4
c6 13. Qe2 b5 14. Bb3 a5 15. a4 Nf5 16. Ne4 bxa4 17. Rxa4 Ba6
18. c4 c5 19. d5 Nxd5 20. Qd2 Nb6 21. Qxd8 Rfxd8 22. Rxa5 Bxc4
23. Rxa8 Rxa8 24. Nxc5 Ra1+ 25. Kd2 Ng3 26. Rh2 Bh6+ 27. Kc3
Rc1+ 28. Kb4 Nd5+ 29. Ka5 Ra1+ 0-1

[Event "Zurich Chess Club 200th Anniversary"]
[Site "Zuerich SUI"]
[Date "2009.08.10"]
[EventDate "2009.08.09"]
[Round "2"]
[Result "1-0"]
[White "Pentala Harikrishna"]
[Black "Martin Ballmann"]
[WhiteElo "2679"]
[BlackElo "2390"]
[PlyCount "35"]

1. d4 Nf6 2. Nf3 g6 3. Bg5 Bg7 4. Nbd2 O-O 5. c3 b6 6. e4 d5
7. e5 Ne4 8. Be3 Bb7 9. h4 f5 10. Nxe4 dxe4 11. Ng5 Qd7 12. g3
h6 13. h5 f4 14. gxf4 hxg5 15. hxg6 Rxf4 16. Bxf4 gxf4 17. Qh5
Bd5 18. Rh4 1-0

[Event "Zurich Chess Club 200th Anniversary"]
[Site "Zuerich SUI"]
[Date "2009.08.12"]
[EventDate "2009.08.09"]
[Round "6"]
[Result "0-1"]
[White "Pentala Harikrishna"]
[Black "Yannick Pelletier"]
[WhiteElo "2679"]
[BlackElo "2574"]
[PlyCount "132"]

1. d4 Nf6 2. Nf3 e6 3. Bg5 c5 4. e3 Be7 5. Nbd2 b6 6. c3 Bb7
7. Bd3 O-O 8. Qe2 Nc6 9. a3 d5 10. Bf4 Bd6 11. Bg3 Qe7 12. Ne5
Nd7 13. f4 f6 14. Nxd7 Qxd7 15. Nf3 a5 16. O-O Rfe8 17. Rad1
Qc7 18. Bh4 Ne7 19. g4 Qd7 20. Qc2 h6 21. Ne5 fxe5 22. fxe5
Bxe5 23. dxe5 Rf8 24. Qe2 Rxf1+ 25. Rxf1 Rf8 26. Bc2 Rxf1+
27. Qxf1 d4 28. Bxe7 Qxe7 29. cxd4 cxd4 30. Bg6 dxe3 31. Qf4
e2 32. Kf2 Ba6 33. Ke1 Bb5 34. a4 Qh4+ 35. Qf2 Qxf2+ 36. Kxf2
Bxa4 37. Kxe2 Kf8 38. h4 Ke7 39. Kd3 Bd1 40. g5 hxg5 41. hxg5
Bb3 42. Kc3 Bd5 43. b4 Kd7 44. b5 Ke7 45. Bd3 Bf3 46. g6 Bg4
47. Bc2 Bf5 48. Kd2 Ke8 49. Kc3 Kf8 50. Kd2 Kg8 51. Kc3 a4
52. Bxa4 Bxg6 53. Bb3 Bf7 54. Bc2 Be8 55. Bd3 g6 56. Bc4 Bd7
57. Kd4 Kg7 58. Ke3 Kh6 59. Kf3 Kh5 60. Bd3 Kg5 61. Ke3 Be8
62. Kf3 Kh4 63. Be4 g5 64. Bd3 Bh5+ 65. Kg2 Bg4 66. Bc4 Bf5
0-1

[Event "Zurich Chess Club 200th Anniversary"]
[Site "Zuerich SUI"]
[Date "2009.08.13"]
[EventDate "2009.08.09"]
[Round "7"]
[Result "0-1"]
[White "Andreas Heimann"]
[Black "Pentala Harikrishna"]
[WhiteElo "2435"]
[BlackElo "2679"]
[PlyCount "86"]

1. e4 c5 2. Nf3 Nc6 3. d4 cxd4 4. Nxd4 Nf6 5. Nc3 d6 6. Bg5
Bd7 7. Qd2 Rc8 8. O-O-O Nxd4 9. Qxd4 Qa5 10. Bd2 a6 11. Kb1
Qc5 12. Qxc5 Rxc5 13. h3 h5 14. Bd3 e6 15. Rhe1 Be7 16. Bf4 h4
17. Bf1 e5 18. Bg5 Rh5 19. f4 Bc6 20. Re3 Rxc3 21. Rxc3 Nxe4
22. Rxc6 bxc6 23. Be2 Bxg5 24. Bxh5 Bxf4 25. Bf3 f5 26. c4 Kd7
27. Kc2 Ng3 28. Rd3 e4 29. Ra3 exf3 30. gxf3 Kc7 31. Rxa6 Kb7
32. Ra3 Ne2 33. Rb3+ Kc7 34. Ra3 Kb6 35. Ra8 Nd4+ 36. Kc3 Nxf3
37. b4 Bd2+ 38. Kb3 Nd4+ 39. Ka4 f4 40. Rb8+ Kc7 41. Rf8 g5
42. b5 f3 43. a3 Ne6 0-1

[Event "Zurich Chess Club 200th Anniversary"]
[Site "Zuerich SUI"]
[Date "2009.08.14"]
[EventDate "2009.08.09"]
[Round "8"]
[Result "0-1"]
[White "Pentala Harikrishna"]
[Black "Klaus Bischoff"]
[WhiteElo "2679"]
[BlackElo "2551"]
[PlyCount "84"]

1. d4 Nf6 2. c4 e6 3. g3 Bb4+ 4. Nc3 O-O 5. Bg2 d6 6. Nf3 Nbd7
7. O-O Bxc3 8. bxc3 Re8 9. Nd2 c5 10. a4 Qc7 11. e4 e5 12. Re1
cxd4 13. cxd4 exd4 14. Nb3 d3 15. Qxd3 Ne5 16. Qb1 Bh3 17. Bg5
Bxg2 18. Kxg2 Nfd7 19. Nd2 Nb6 20. Rc1 Rac8 21. Bf4 Qd7
22. Qb3 Qc6 23. Bxe5 Rxe5 24. Rab1 Ra5 25. Qf3 Rxa4 26. Nb3
Re8 27. c5 dxc5 28. Nxc5 Rc4 29. Qe3 Re5 30. Rxb6 axb6
31. Rxc4 bxc5 32. Qc3 f6 33. Qb3 Kh8 34. f3 b5 35. Rc2 c4
36. Qb4 h6 37. h4 Rxe4 38. Rd2 Re3 39. Rd8+ Re8 40. Rd2 c3
41. Rc2 Rc8 42. Kf2 Qd5 0-1

[Event "Zurich Chess Club 200th Anniversary"]
[Site "Zuerich SUI"]
[Date "2009.08.15"]
[EventDate "2009.08.09"]
[Round "9"]
[Result "0-1"]
[White "Olivier Moor"]
[Black "Pentala Harikrishna"]
[WhiteElo "2404"]
[BlackElo "2679"]
[PlyCount "62"]

1. d4 Nf6 2. c4 e6 3. Nf3 c5 4. d5 exd5 5. cxd5 g6 6. Nc3 d6
7. h3 a6 8. e4 b5 9. Bd3 Bg7 10. O-O O-O 11. a3 Re8 12. Re1
Ra7 13. b4 Rae7 14. Bd2 Nbd7 15. Rc1 Nh5 16. Bg5 Bf6 17. Be3
Qc7 18. g4 Ng7 19. Bf4 c4 20. Bb1 Ne5 21. Nxe5 Rxe5 22. Bxe5
dxe5 23. a4 Bd7 24. axb5 axb5 25. Qd2 Qd6 26. Na2 Ne6 27. Rcd1
Nf4 28. Qc3 h5 29. Qg3 hxg4 30. hxg4 Kg7 31. Kf1 Rh8 0-1

[Event "Chigorin Memorial Open"]
[Site "St Petersburg RUS"]
[Date "2009.10.22"]
[EventDate "2009.10.16"]
[Round "7"]
[Result "1-0"]
[White "Pentala Harikrishna"]
[Black "Pavel Maletin"]
[WhiteElo "2673"]
[BlackElo "2576"]
[PlyCount "109"]

1. d4 Nf6 2. c4 e6 3. Nc3 Bb4 4. e3 O-O 5. Nge2 d5 6. a3 Be7
7. cxd5 Nxd5 8. Bd2 Nd7 9. g3 N7f6 10. Bg2 Bd7 11. e4 Nxc3
12. Bxc3 c5 13. O-O Bb5 14. Re1 Rc8 15. d5 exd5 16. exd5 Bd6
17. Nf4 Bd7 18. Nd3 c4 19. Ne5 Bf5 20. Qf3 Bg6 21. Rac1 Re8
22. Bh3 Rc7 23. Nxg6 hxg6 24. Bf1 Rc8 25. Rxe8+ Qxe8 26. Bd4
b5 27. Bxa7 Qe5 28. Rc2 Qxd5 29. Qxd5 Nxd5 30. Bg2 Nf6 31. Bd4
Bc5 32. Bc3 Nd7 33. Bh3 Rc7 34. Re2 Nb6 35. Ba5 Ra7 36. Bd2
Re7 37. Kf1 Kf8 38. Bg2 Na4 39. Bc1 Rc7 40. Bf4 Rc8 41. Bb7
Rd8 42. Bc6 Bd4 43. Bc7 Rc8 44. Bd7 Ra8 45. Bxb5 Nxb2 46. Bd6+
Kg8 47. Re4 Ra5 48. a4 Bf6 49. Re8+ Kh7 50. Bc7 Ra7 51. Bb6
Rxa4 52. Bxa4 Nxa4 53. Be3 g5 54. Re4 Nb2 55. Bd4 1-0

[Event "World Team Championship"]
[Site "Bursa TUR"]
[Date "2010.01.13"]
[EventDate "2010.01.05"]
[Round "9"]
[Result "1-0"]
[White "Pentala Harikrishna"]
[Black "Alexandr Hilario Takeda dos Santos Fier"]
[WhiteElo "2672"]
[BlackElo "2601"]
[PlyCount "103"]

1. d4 Nf6 2. c4 c5 3. d5 e6 4. Nc3 exd5 5. cxd5 d6 6. e4 g6
7. Bd3 Bg7 8. h3 O-O 9. Nf3 b5 10. Nxb5 Re8 11. O-O Nxe4
12. Re1 a6 13. Rxe4 Rxe4 14. Nxd6 Rb4 15. a3 Qxd6 16. axb4
cxb4 17. Qe2 Nd7 18. Qe8+ Qf8 19. Qxf8+ Bxf8 20. Bb5 Nb8
21. Bf4 Bb7 22. Ba4 Bxd5 23. Rd1 Bb7 24. Ne5 a5 25. Bb3 Na6
26. Nxf7 Nc5 27. Bc4 Ba6 28. Bd5 Bb7 29. Nh6+ Kh8 30. Bf7 Kg7
31. Bc4 Ba6 32. Bd5 Re8 33. Ng4 Nd3 34. Be3 Kh8 35. Ra1 Bc5
36. Bxc5 Nxc5 37. Rxa5 Re1+ 38. Kh2 Rc1 39. Ne5 Rc2 40. Bc4
Bxc4 41. Rxc5 Bb3 42. Rxc2 Bxc2 43. Nc6 b3 44. Nd4 Kg7 45. Kg3
Kf6 46. Kf4 Bd1 47. h4 h6 48. Ke4 g5 49. hxg5+ Kxg5 50. Ke3 h5
51. g3 Kf6 52. Kd2 1-0

[Event "9th Asian Continental"]
[Site "Olongapo City PHI"]
[Date "2010.04.21"]
[EventDate "2010.04.21"]
[Round "1"]
[Result "1-0"]
[White "Lou Yiping"]
[Black "Pentala Harikrishna"]
[WhiteElo "2429"]
[BlackElo "2660"]
[PlyCount "105"]

1. d4 d5 2. c4 c6 3. Nc3 Nf6 4. cxd5 cxd5 5. Bf4 Nc6 6. e3 e6
7. Nf3 Be7 8. h3 a6 9. Bd3 b5 10. O-O Bb7 11. Rc1 Rc8 12. a4
b4 13. Nb1 O-O 14. Nbd2 Na5 15. Qe2 Qb6 16. Ne5 Rfd8 17. Bg5
h6 18. Rxc8 Bxc8 19. Bh4 Kf8 20. Rc1 Bb7 21. f4 Bc6 22. Nb3
Be8 23. Nxa5 Qxa5 24. b3 Ra8 25. g4 Qb6 26. g5 Ng8 27. gxh6
Nxh6 28. Bg5 Bxg5 29. fxg5 Nf5 30. Bxf5 exf5 31. Qf3 Qe6
32. Rc5 f6 33. gxf6 Qxf6 34. Kh2 Rd8 35. Nd3 Bf7 36. Qg3 Re8
37. Ne5 Kg8 38. Rc6 Re6 39. Rxe6 Bxe6 40. Nd3 a5 41. Qd6 Qh6
42. Nc5 Bc8 43. Qd8+ Kh7 44. Qxc8 Qh5 45. Kg3 Qg5+ 46. Kf3
Qh5+ 47. Kf4 Qh6+ 48. Ke5 Qxe3+ 49. Kxd5 Qxh3 50. Kc6 Qf3+
51. d5 g5 52. Qd7+ Kg6 53. Qe6+ 1-0

[Event "9th Asian Continental"]
[Site "Olongapo City PHI"]
[Date "2010.04.22"]
[EventDate "2010.04.21"]
[Round "2"]
[Result "1-0"]
[White "Pentala Harikrishna"]
[Black "Wang Li"]
[WhiteElo "2660"]
[BlackElo "2383"]
[PlyCount "97"]

1. d4 d5 2. c4 e6 3. Nf3 dxc4 4. e4 c5 5. d5 exd5 6. exd5 Nf6
7. Bxc4 Bd6 8. O-O O-O 9. Bg5 Bf5 10. Nc3 a6 11. Bd3 Bxd3
12. Qxd3 Nbd7 13. Ne4 Qc7 14. Nxf6+ Nxf6 15. Bxf6 gxf6 16. a4
Be5 17. Rac1 b5 18. b3 Rfd8 19. Rfe1 Qd6 20. Nxe5 fxe5
21. Qg3+ Kf8 22. Rxe5 f6 23. Rf5 Qxg3 24. hxg3 bxa4 25. bxa4
Kf7 26. Rxc5 Rac8 27. Rxc8 Rxc8 28. Kf1 Rc5 29. g4 Ra5 30. g5
Rxa4 31. Rxf6+ Kg7 32. g3 Rd4 33. Rxa6 Rxd5 34. f4 Rd2 35. Re6
Ra2 36. Re2 Ra3 37. Kg2 Ra4 38. Kf3 Ra3+ 39. Kg4 Rb3 40. Rf2
Ra3 41. Rf3 Ra4 42. Rb3 Kg6 43. Rb6+ Kg7 44. Kh5 Ra5 45. Rb7+
Kg8 46. g4 Rc5 47. f5 Rc6 48. f6 Rc2 49. g6 1-0

[Event "9th Asian Continental"]
[Site "Olongapo City PHI"]
[Date "2010.04.23"]
[EventDate "2010.04.21"]
[Round "3"]
[Result "0-1"]
[White "Duong The Anh"]
[Black "Pentala Harikrishna"]
[WhiteElo "2425"]
[BlackElo "2660"]
[PlyCount "96"]

1. d4 Nf6 2. Bg5 Ne4 3. Bf4 c5 4. f3 Qa5+ 5. c3 Nf6 6. Nd2
cxd4 7. Nb3 Qd8 8. cxd4 e6 9. Rc1 Nc6 10. e4 Bb4+ 11. Kf2 d5
12. e5 Nd7 13. a3 Be7 14. Bd3 a5 15. a4 Nb6 16. Bb5 O-O
17. Bd2 Bd7 18. Ne2 Nb4 19. Bxb4 axb4 20. Nc5 Bxc5 21. Rxc5
Nxa4 22. Bxa4 Bxa4 23. Qd2 b6 24. Rcc1 Qe7 25. Nf4 Bb5 26. Ra1
Ra5 27. Rhc1 Bc4 28. g3 Rfa8 29. Rab1 Ra2 30. Nd3 R2a4 31. Kg1
Bxd3 32. Qxd3 h6 33. f4 b3 34. Rc3 Qb4 35. Rd1 Ra1 36. Rxb3
Qc4 37. Rc3 Qxd3 38. Rcxd3 Rxd1+ 39. Rxd1 Ra4 40. Kf2 Rb4
41. Rd2 Kh7 42. Ke2 Kg6 43. Kd3 Kf5 44. Kc3 Rc4+ 45. Kd3 Kg4
46. b3 Rc7 47. Ra2 h5 48. Ra6 Kh3 0-1

[Event "9th Asian Continental"]
[Site "Olongapo City PHI"]
[Date "2010.04.28"]
[EventDate "2010.04.21"]
[Round "8"]
[Result "1-0"]
[White "Sethuraman P Sethuraman"]
[Black "Pentala Harikrishna"]
[WhiteElo "2493"]
[BlackElo "2660"]
[PlyCount "135"]

1. d4 Nf6 2. c4 g6 3. Nc3 Bg7 4. e4 d6 5. Nf3 O-O 6. h3 e5
7. d5 Nh5 8. Nh2 Na6 9. Be2 Nf4 10. Bf3 Nc5 11. O-O Nfd3
12. Na4 Nxc1 13. Nxc5 dxc5 14. Rxc1 a5 15. Qd3 Ra6 16. Ng4 h5
17. Ne3 Qg5 18. Kh1 Rf6 19. Be2 Qh4 20. Kg1 Rb6 21. Bf3 Qg5
22. Kh1 Rf6 23. Be2 Rd6 24. Rce1 f5 25. exf5 gxf5 26. f4 Qg3
27. Nxf5 Qxd3 28. Ne7+ Kf7 29. fxe5+ Rf6 30. exf6 Qh7
31. fxg7+ Kxg7 32. Rxf8 Kxf8 33. Nxc8 Qc2 34. Bxh5 Qxc4
35. Ne7 Qc2 36. Re2 Qc1+ 37. Kh2 c4 38. g3 Qf1 39. Ng6+ Kg7
40. Nf4 b5 41. Be8 b4 42. Bb5 Qc1 43. Ne6+ Kh6 44. Nxc7 c3
45. bxc3 bxc3 46. d6 c2 47. d7 Qd1 48. d8=Q Qxd8 49. Rxc2 Qd1
50. Re2 a4 51. Ne6 Qd5 52. Be8 a3 53. Nf4 Qb7 54. h4 Qb1
55. Bc6 Qa1 56. Bg2 Qb1 57. g4 Qc1 58. g5+ Kg7 59. Kg3 Qc3+
60. Bf3 Qa5 61. Kg4 Qa4 62. h5 Qd7+ 63. Ne6+ Kh7 64. Kg3 Qd6+
65. Nf4 Qd8 66. Re5 Qb8 67. Re7+ Kg8 68. h6 1-0

[Event "Canadian Open - Westin Harbour Castle"]
[Site "Toronto, Ont."]
[Date "2010.07.10"]
[EventDate "?"]
[Round "1"]
[Result "0-1"]
[White "Lawrence Day"]
[Black "Pentala Harikrishna"]
[WhiteElo "2264"]
[BlackElo "2646"]
[PlyCount "104"]

1. g3 Nf6 2. Bg2 g6 3. e4 d6 4. d4 Bg7 5. Nc3 O-O 6. Nge2 e5
7. h3 Nc6 8. Be3 a6 9. d5 Ne7 10. f4 Nd7 11. Qd2 b5 12. a3 Nb6
13. b3 a5 14. fxe5 b4 15. Nd1 Bxe5 16. Bd4 Bxd4 17. Nxd4 bxa3
18. Ne3 Qe8 19. O-O Bd7 20. Rxa3 f5 21. exf5 Nxf5 22. Nexf5
gxf5 23. Re1 Qg6 24. Kh2 a4 25. Ne6 Rfc8 26. Nf4 Qf7 27. Qd4
axb3 28. Rxb3 Ra4 29. Rb4 Rxb4 30. Qxb4 Re8 31. Rxe8+ Bxe8
32. Qc3 Qg7 33. Qe3 Qe5 34. Qxe5 dxe5 35. Ne6 Ba4 36. c3 Kf7
37. Nxc7 Ke7 38. g4 f4 39. Be4 Kd6 40. Na6 Nxd5 41. c4 Nc3
42. c5+ Ke7 43. Bxh7 e4 44. Nb4 e3 45. Kg2 Bd1 46. Nc6+ Ke6
47. Bg8+ Kf6 48. Nd4 Ke5 49. Nf3+ Bxf3+ 50. Kxf3 Kd4 51. Bh7
e2 52. Kf2 f3 0-1

[Event "Canadian Open - Westin Harbour Castle"]
[Site "Toronto, Ont."]
[Date "2010.07.11"]
[EventDate "?"]
[Round "2"]
[Result "1/2-1/2"]
[White "Pentala Harikrishna"]
[Black "Michael Mulyar"]
[WhiteElo "2646"]
[BlackElo "2405"]
[PlyCount "66"]

1. d4 d5 2. c4 c6 3. Nf3 Nf6 4. Nc3 e6 5. Bg5 dxc4 6. e4 b5
7. e5 h6 8. Bh4 g5 9. Nxg5 hxg5 10. Bxg5 Nbd7 11. exf6 Bb7
12. g3 c5 13. d5 Qb6 14. Bg2 O-O-O 15. O-O b4 16. Na4 Qb5
17. a3 Nb8 18. axb4 cxb4 19. Qg4 Bxd5 20. Rfc1 Nc6 21. Bxd5
Rxd5 22. Rxc4 Rxg5 23. Qe4 Bc5 24. b3 Rf5 25. Rac1 Bxf2+
26. Kg2 Kb8 27. Qxc6 Qxc6+ 28. Rxc6 Bd4 29. R1c2 Rxf6 30. Rd2
Be3 31. Re2 Bd4 32. Rd2 Be3 33. Re2 Bd4 1/2-1/2

[Event "16th Asian Games (Men Teams)"]
[Site "Guangzhou CHN"]
[Date "2010.11.18"]
[EventDate "2010.11.18"]
[Round "1"]
[Result "0-1"]
[White "Algis Shukuraliev"]
[Black "Pentala Harikrishna"]
[WhiteElo "2376"]
[BlackElo "2657"]
[PlyCount "112"]

1. e4 c6 2. d4 d5 3. Nc3 dxe4 4. Nxe4 Nd7 5. Nf3 Ngf6 6. Ng3
g6 7. Bd3 Bg7 8. O-O O-O 9. Re1 c5 10. c3 b6 11. Qe2 e6
12. Ne4 Bb7 13. Bg5 cxd4 14. Nxd4 Nc5 15. Nxc5 bxc5 16. Nf3
Qc7 17. Bxf6 Bxf6 18. Be4 Rab8 19. Bxb7 Qxb7 20. Rab1 Bxc3
21. bxc3 Qxb1 22. Rxb1 Rxb1+ 23. Ne1 Rd8 24. h3 Rdd1 25. Kh2
Rxe1 26. Qa6 Rb2 27. Qxa7 Rxf2 28. a4 Ree2 29. Qa8+ Kg7 30. a5
e5 31. Qd5 h5 32. a6 Ra2 33. Qxe5+ Kh7 34. Qg3 Rf6 35. Qc7
Rff2 36. Qg3 Rf6 37. Qc7 Raxa6 38. Qxc5 Rac6 39. Qd4 Rf5
40. g4 hxg4 41. hxg4 Rfc5 42. Qf4 Rc7 43. Kg2 Rxc3 44. Qh2+
Kg8 45. Qe5 Rc8 46. Kf2 Rb3 47. Qe4 Rcb8 48. Qe5 Ra8 49. Qe2
Rb4 50. Kf3 Ra3+ 51. Kf2 Rf4+ 52. Kg2 Raa4 53. Qe8+ Kg7
54. Qe5+ Kh7 55. g5 Rf5 56. Qh2+ Kg7 0-1

[Event "16th Asian Games (Men Teams)"]
[Site "Guangzhou CHN"]
[Date "2010.11.19"]
[EventDate "2010.11.18"]
[Round "2"]
[Result "1-0"]
[White "Pentala Harikrishna"]
[Black "Rustam Mashrukovich Kasimdzhanov"]
[WhiteElo "2657"]
[BlackElo "2685"]
[PlyCount "106"]

1. d4 Nf6 2. c4 g6 3. Nf3 Bg7 4. g3 c6 5. Bg2 d5 6. b3 dxc4
7. bxc4 c5 8. Bb2 Ne4 9. Nbd2 Nxd2 10. Qxd2 cxd4 11. Bxd4 Bxd4
12. Qxd4 Qa5+ 13. Nd2 O-O 14. O-O Nc6 15. Qb2 Rd8 16. Ne4 Rb8
17. Rfd1 Rxd1+ 18. Rxd1 Be6 19. Nc3 Qe5 20. Bd5 Bh3 21. Rd3
Nd4 22. f4 Qf6 23. Nd1 Nc6 24. Qxf6 exf6 25. Nf2 Bf5 26. e4
Bc8 27. Ra3 Bd7 28. Nd3 b6 29. e5 f5 30. e6 fxe6 31. Bxc6 Bxc6
32. Ne5 Be8 33. Rxa7 b5 34. c5 Rc8 35. Nd3 Bc6 36. Ne5 Be8
37. Re7 Kf8 38. Rxh7 Rxc5 39. a3 Rc1+ 40. Kg2 Ra1 41. Kh3 Ra2
42. Rb7 g5 43. fxg5 Rxa3 44. Rb8 Re3 45. Ng6+ Kg7 46. Nf4 Bf7
47. Rxb5 e5 48. Ng2 Re2 49. Nh4 f4 50. Rb6 Rf2 51. g6 Be8
52. Nf5+ Kf8 53. g7+ Kg8 1-0